| 000 | 03008nam0a2200373 4500 | ||
|---|---|---|---|
| 001 | RU\NLR\BIBL_A\022631937 | ||
| 005 | 20251216110817.0 | ||
| 010 |
_a978-5-91155-323-4 _9800 |
||
| 021 |
_aRU _bКН-П-25-037840 _9КН-П-25-3710 |
||
| 035 | _a(NLR Aleph) 022631937 | ||
| 090 |
_a13504826 _c13504826 |
||
| 100 | _a20250926d2025 u y0rusy50 ca | ||
| 101 | 0 | _arus | |
| 102 | _aRU | ||
| 105 | _aa j 000yy | ||
| 181 | 0 |
_ai _bxxxe |
|
| 182 | 0 | _an | |
| 200 | 1 |
_aСовременные рентгеноэндоваскулярные технологии в лечении миомы матки _eучебное пособие _e[для слушателей ординатуры, адъюнктов (аспирантов) по научной специальности 3.1.1 Рентгенэндоваскулярная хирургия, врачей-специалистов по рентгенэндоваскулярным диагностике и лечению, врачей-гинекологов] _fИ. Б. Олексюк, А. В. Олексюк, К. Л. Козлов [и др.] _gпод редакцией профессора К. Л. Козлова _gФедеральное государственное бюджетное военное образовательное учреждение высшего образования "Военно-медицинская академия имени С. М. Кирова" Министерства обороны Российской Федерации, 1-я кафедра (хирургии усовершенствования врачей) |
|
| 203 |
_aТекст _bвизуальный _cнепосредственный |
||
| 210 |
_aСанкт-Петербург _cИздательско-полиграфическая ассоциация высших учебных заведений _d2025 |
||
| 215 |
_a104 с. _cил., цв. ил., табл. _d22 |
||
| 320 | _aБиблиогр.: с. 98–101 и в прил.: с. 94 (4 назв.) | ||
| 606 | 1 |
_aМиома матки _xРентгенэндоваскулярная хирургия _jУчебные издания для последипломного образования _2nlr_sh2 _3RU\NLR\AUTH\6601764039 |
|
| 686 | 1 | _aР569.714.1 Миома-59я77 | |
| 701 | 1 |
_aОлексюк _bИ. Б. _gИгорь Богданович |
|
| 701 | 1 |
_aОлексюк _bА. В. |
|
| 701 | 1 |
_aКозлов _bК. Л. _cд-р мед. наук _gКирилл Ленарович _3RU\NLR\AUTH\77121340 |
|
| 702 | 1 |
_aКозлов _bК. Л. _cд-р мед. наук _gКирилл Ленарович _3RU\NLR\AUTH\77121340 _4340 |
|
| 712 | 0 | 2 |
_aВоенно-медицинская академия им. С. М. Кирова _cСанкт-Петербург _bКафедра хирургии усовершенствования врачей _c1 _3RU\NLR\AUTH\880631919 _4570 |
| 942 | _cBOOK | ||
| 980 | _aNB | ||